Statistics for Rareware Nintendo 64 Games

Click here to take the quiz!

General Stats

  • This quiz has been taken 194 times
  • The average score is 7 of 11

Answer Stats

ESRB RatingGame% Correct
EBanjo-Kazooie
94%
EBanjo-Tooie
86%
MConker's Bad Fur Day
84%
TGoldenEye 007
83%
EDonkey Kong 64
79%
MPerfect Dark
71%
K-ADiddy Kong Racing
65%
TJet Force Gemini
50%
K-ABlast Corps
35%
TKiller Instinct Gold
27%
EMickey's Speedway USA
16%

Score Distribution

Percentile by Number Answered

Percent of People with Each Score

Your Score History

You have not taken this quiz